| 000 | 00386nam a2200133Ia 4500 | ||
|---|---|---|---|
| 008 | 211109s9999||||xx |||||||||||||| ||und|| | ||
| 082 |
_a894.8123 _bMUH-V |
||
| 100 | _aMuhammed Mahni, | ||
| 245 | 0 | _aVithiyude Baliadukal | |
| 260 |
_bNATIONAL BOOKSTALL _aKottayam _c1900 |
||
| 630 | _xGENERAL STACK | ||
| 650 |
_aMALAYALAM _vMALAYALAM LITERATURE _xMALAYALAM NOVELGeneralia |
||
| 942 | _cBOOK | ||
| 999 |
_c85535 _d85535 |
||